000 00539nam a2200217Ia 4500
003 OSt
005 20220928145215.0
006 a|||||r|||| 00| 0
007 ta
008 220927b |||||||| |||| 00| 0 eng d
024 _a79448
037 _cTextual
040 _aSDCL
_cSDCL
_beng
041 _2eng
_aeng
082 _aO15,1L15,1, N6
100 _aDikshita Sankar
_9512125
245 0 _aGangavatarana campu.
260 _c1996
942 _hO15,1L15,1, N6
_cTEXL
_2CC
999 _c832536
_d832536